| 000 | 00424nam a2200157Ia 4500 | ||
|---|---|---|---|
| 008 | 210210b1972 xxu||||| |||| 00| 0 eng d | ||
| 082 | _a657.42 BHAC | ||
| 100 | _aBHAR (B K). | ||
| 245 | _aCost accounting methods and problems. Ed 1. | ||
| 250 | _a | ||
| 260 |
_aCalcutta. _bAcademic publishers _c1972 |
||
| 300 | _axvi,693 | ||
| 650 | _aCost Accounting Methods, Problems | ||
| 690 | _aCost Accounting | ||
| 906 | _a026746 | ||
| 999 |
_c78052 _d78052 |
||